Statistieken voor Fiji Trivia Quiz

Klik hier om de quiz te nemen!

Algemene statistieken

  • Deze quiz is 193 keer genomen
  • De gemiddelde score is 12 van 20

Antwoordstatistieken

HintAntwoord% Correct
Officiële talenEngels
98%
Land dat Fiji koloniseerde van 1874 tot 1987Verenigd Koninkrijk
95%
Land dat ongeveer 2000 km ten zuiden van Fiji ligtNieuw-Zeeland
91%
ValutaFiji-Dollar
83%
Hoofdstad van FijiSuva
78%
Nederlandse ontdekkingsreiziger die in 1643 de eerste Europeaan was die de eilanden zagAbel Tasman
76%
Meest populaire sportRugby
75%
"isme" waarvan Europeanen dachten dat het in Fiji vaak voorkwam{Kannibal}isme
68%
Vóór de Tweede Wereldoorlog ontving Fiji ongeveer 60.000 contractarbeiders uit dit landIndia
67%
Oceanische subregio waar Fiji deel van uitmaakt{Mela}nesië
66%
Soort politieke crisis die Fiji meemaakte in 2007, 2000 en tweemaal in 1987Coup
62%
Fiji en Rusland zijn de enige twee landen met land op deze lengtegraad180°
58%
Op een na grootste eiland{Vanua} Levu
47%
Grootste eiland, met meer dan de helft van het landoppervlak en de bevolking van Fiji{Viti} Levu
47%
Officiële talenFijisch
43%
Sport gespeeld door Vijay Singh, een van Fiji's meest succesvolle atletenGolf
41%
Belangrijkste gewasexportSuikerriet
40%
Officiële talenFijisch {Hindoestani}
37%
Stad met de meeste toeristen en de grootste luchthavenNadi
37%
Protestantse tak waar ongeveer 35% van de Fijiërs toe behoortMethodisme
34%

Scoreverdeling

Percentiel versus Aantal Correcte Antwoorden

Procent van Mensen met Elke Score

Uw Scoregeschiedenis

U heeft deze quiz nog niet genomen